000
00266nam a2200109Ia 4500
008
190902s9999||||xx |||||||||||||| ||und||
100
_a
Katchi,Haji Essa
245
0
_a
Mukhzin e Adab
260
_a
karachi
_b
subha taseenf o taleef
_c
2015
300
_a
343p.:
942
_c
BK
999
_c
2820
_d
2820